| 000 | 00689 a2200241 4500 | ||
|---|---|---|---|
| 005 | 20260509110506.0 | ||
| 008 | 260505b |||||||| |||| 00| 0 eng d | ||
| 020 |
_a9789360809515 _cRs. 2595.00 |
||
| 040 | _aMAIN | ||
| 082 |
_a294.5921 _bF629S |
||
| 100 | _aFleming, Christopher T, ed. | ||
| 245 | _aScience and society in the sanskrit world | ||
| 260 |
_bManohar Publishers _c2025 _aNew Delhi |
||
| 300 | _axxviii, 480 | ||
| 650 | _aVedas- Criticism and Interpretation | ||
| 650 | _aVedic Literature | ||
| 650 | _aSanskrit Literature | ||
| 650 | _aIndology | ||
| 700 | _aKnudsen, Toke L, ed. | ||
| 700 | _aAnuj, Misra, ed. | ||
| 700 | _aSharma, Vishal, ed. | ||
| 942 | _cBK | ||
| 999 |
_c395859 _d395859 |
||